Money, credit, and banking in the United States, (Record no. 17244)

MARC details
000 -LEADER
fixed length control field 00827cam a22002651 4500
001 - CONTROL NUMBER
control field ca 34000193
003 - CONTROL NUMBER IDENTIFIER
control field DLC
005 - DATE AND TIME OF LATEST TRANSACTION
control field 20260227111130.0
008 - FIXED-LENGTH DATA ELEMENTS--GENERAL INFORMATION
fixed length control field 791102s1934 dcu b 000 0 eng
010 ## - LIBRARY OF CONGRESS CONTROL NUMBER
LC control number ca 34000193
035 ## - SYSTEM CONTROL NUMBER
System control number (OCoLC)5636436
040 ## - CATALOGING SOURCE
Original cataloging agency DLC
Transcribing agency OCl
Modifying agency DLC
042 ## - AUTHENTICATION CODE
Authentication code premarc
050 00 - LIBRARY OF CONGRESS CALL NUMBER
Classification number HG153
Item number .R5
082 ## - DEWEY DECIMAL CLASSIFICATION NUMBER
Classification number 332.0973
100 1# - MAIN ENTRY--PERSONAL NAME
Personal name Riefler, Dorothy Brown
Titles and words associated with a name Mrs.
245 10 - TITLE STATEMENT
Title Money, credit, and banking in the United States,
Statement of responsibility, etc. by Dr. Dorothy Brown Riefler.
260 ## - PUBLICATION, DISTRIBUTION, ETC.
Place of publication, distribution, etc. Washington, D.C.,
Name of publisher, distributor, etc. American association of university women,
Date of publication, distribution, etc. c1934.
300 ## - PHYSICAL DESCRIPTION
Extent 3 p. l., 2-60 numb. l.
Dimensions 28 cm.
500 ## - GENERAL NOTE
General note Loose-leaf; mimeographed.
500 ## - GENERAL NOTE
General note Includes bibliographies.
650 #0 - SUBJECT ADDED ENTRY--TOPICAL TERM
Topical term or geographic name entry element Money
Geographic subdivision United States.
650 #0 - SUBJECT ADDED ENTRY--TOPICAL TERM
Topical term or geographic name entry element Credit
Geographic subdivision United States.
650 #0 - SUBJECT ADDED ENTRY--TOPICAL TERM
Topical term or geographic name entry element Banks and banking
Geographic subdivision United States.

No items available.

Powered by Koha